[Event "14th Poti Open-A 2019"]
[Site "Poti"]
[Date "2019.07.19"]
[Round "8.9"]
[White "Manafov, Vugar"]
[Black "Arabidze, Meri"]
[Result "1/2-1/2"]
[WhiteElo "2175"]
[BlackElo "2402"]
[Annotator "TA"]
[PlyCount "98"]
[EventDate "2019.07.13"]
[EventType "swiss"]
[EventCountry "GEO"]
[SourceTitle "playchess.com"]
[Source "ChessBase"]
[SourceQuality "1"]

{[%evp 15,98,21,56,60,62,48,39,40,52,10,41,39,37,0,0,0,0,0,39,14,51,0,50,31,117,104,134,0,0,-105,-94,-104,-52,-82,-86,-90,-87,-135,-24,-73,-73,-82,-79,-147,-139,-139,-145,-144,-133,-140,-8,-8,0,0,0,5,13,8,20,0,17,0,29,30,41,39,45,39,43,37,77,56,59,61,112,112,112,96,81,39,68,40,39,40,45]} 1. Nf3 f5 2. g3 Nf6 3. Bg2 g6 4. O-O Bg7 5. c4 O-O 6. d4 d6 7. Nc3 c6 8. Re1 Qe8 9. e4 {A88: Dutch Defence: Leningrad System: 5 Nf3 0-0 6 0-0 d6 7 Nc3 c6} fxe4 10. Nxe4 Nxe4 11. Rxe4 Bf5 12. Rh4 (12. Re3 e5 13. dxe5 dxe5 14. Bd2 Qf7 15. Nxe5 Bxe5 16. Rxe5 Nd7 {1-0 (43) Beliavsky,A (2597)-Einarsson,H (2257) Reykjavik 2017}) 12... e5 $146 ({Predecessor:} 12... Nd7 13. Qb3 e5 14. Bh6 Bxh6 15. Rxh6 Kg7 16. Rh4 h6 17. dxe5 {0-1 (34) Matveev,V (2222)-Voit,D (2338) Rybinsk 2010}) 13. dxe5 dxe5 14. Bh6 Bxh6 15. Rxh6 Nd7 16. Qb3 Kg7 17. Rh4 {Black should prevent Rd1.} h6 $1 18. c5 (18. Re1 $1 $14) 18... g5 19. Rb4 $1 Nxc5 ({Better is} 19... b5 $14 20. cxb6 axb6) 20. Qc3 $1 $16 {[%cal Rc3c5]} a5 21. Rc4 (21. Rb6 $16 Ne4 22. Rxb7+ Kf6 23. Qe3) 21... Nd3 $36 {[%mdl 2048] White is under pressure.} 22. Rd1 (22. Ne1 $11 Rd8 23. Nxd3 Rxd3 24. Qxa5) 22... Rd8 $17 23. Bf1 {[%cal Rf1d3]} Bh7 (23... Bg6 $17 24. Nxe5 Qxe5 25. Bxd3 Rfe8) 24. Nxe5 Qxe5 25. Bxd3 Rfe8 26. Kf1 Kf8 ({Black should play} 26... Bg8 $17 27. Rc5 Qxc3 28. Rxc3 Be6) 27. Qa3+ {[#]} Re7 $1 28. Kg1 Kg7 {White must now prevent ...Red7.} 29. Bc2 (29. Rcc1 $142) 29... Rxd1+ 30. Bxd1 Bg8 31. Rc2 {And now Re2 would win.} Qe1+ {[%mdl 64] Double Attack} 32. Kg2 Bd5+ (32... Rd7 $17 33. Bf3 {[#]} g4 $1 {[%mdl 576] Decoy} 34. Bxg4 Qe4+ {[%mdl 64] Double Attack} 35. Kh3 (35. Qf3 $2 Qxc2 36. Qf4 Bd5+ 37. Bf3 Bxf3+ 38. Qxf3 Rf7 $19) 35... Rd4) 33. Bf3 $11 Qe5 34. Rd2 Bxf3+ 35. Qxf3 {[%mdl 4096] Endgame KQR-KQR} Rf7 36. Qd3 Qf6 (36... c5 {seems wilder.} 37. h3 b6 38. Re2 Qf6 39. Qe4 Kh8) 37. Qd4 (37. Qe3 {looks sharper.} a4 38. Rd4 Re7 39. Qd3 Re2 40. Rf4) 37... h5 38. Qxf6+ (38. Qe3 {keeps more tension.} Qe7 39. Qc3+ Rf6 40. h3 a4 41. g4) 38... Kxf6 {KR-KR} 39. Rd6+ Kf5 40. Rh6 Rd7 41. h4 gxh4 $1 42. Rxh5+ {[%mdl 64] Double Attack} Kg6 43. Rxa5 Rd2 44. b3 {[%cal Bb2b3,Bb3b4][%mdl 32]} h3+ (44... hxg3 $14 45. Kxg3 Kf6) 45. Kxh3 $16 {Hoping for f4.} Rxf2 46. Kg4 Kf6 47. b4 Kg6 {White is slightly better.} 48. Ra7 b5 $1 49. a3 Rc2 {Accuracy: White = 41%, Black = 41%.} 1/2-1/2

[Event "14th Poti Open-A 2019"]
[Site "Poti"]
[Date "2019.07.19"]
[Round "8.10"]
[White "Yeritsyan, Hayk"]
[Black "Aliyev, Ravan"]
[Result "1/2-1/2"]
[WhiteElo "2210"]
[BlackElo "2385"]
[Annotator "TA"]
[PlyCount "42"]
[EventDate "2019.07.13"]
[EventType "swiss"]
[EventCountry "GEO"]
[SourceTitle "playchess.com"]
[Source "ChessBase"]
[SourceQuality "1"]

{[%evp 14,42,56,54,61,39,77,77,84,52,72,68,70,66,67,74,85,14,6,12,8,20,117,128,129,84,96,0,127,0,90]} 1. d4 Nf6 2. c4 g6 3. Nc3 Bg7 4. e4 d6 5. Nf3 O-O 6. h3 c5 7. d5 a6 8. a4 b6 {E90: King's Indian: Classical: Early deviations and 6 h3} 9. Bd3 Nbd7 10. O-O e5 {White is better.} 11. a5 bxa5 12. Qa4 Rb8 13. Qxa5 Qe7 14. Rb1 Nh5 {[#]} 15. b4 $146 (15. Re1 $16) ({Predecessor:} 15. Bg5 f6 16. Bd2 Nf4 {0-1 (43) Matlakov,M (2728)-Aronian,L (2799) Tbilisi 2017}) 15... cxb4 $11 16. Rxb4 Rxb4 17. Qxb4 f5 (17... Nf4 $11 {keeps the balance.} 18. Bc2 Nc5) 18. Bg5 Bf6 19. Bh6 Bg7 20. Bg5 Bf6 21. Bh6 Bg7 {Accuracy: White = 44%, Black = 59%.} 1/2-1/2

[Event "14th Poti Open-A 2019"]
[Site "Poti"]
[Date "2019.07.19"]
[Round "8.11"]
[White "Gvetadze, Sofio"]
[Black "Azaryan, Tigran"]
[Result "1/2-1/2"]
[WhiteElo "2316"]
[BlackElo "2064"]
[Annotator "TA"]
[PlyCount "85"]
[EventDate "2019.07.13"]
[EventType "swiss"]
[EventCountry "GEO"]
[SourceTitle "playchess.com"]
[Source "ChessBase"]
[SourceQuality "1"]

{[%evp 10,85,10,17,14,22,16,-9,0,0,2,0,0,-31,-21,-22,0,-1,0,-6,35,3,0,6,12,-15,-11,-29,-25,-36,-36,-43,-17,-16,-14,-23,-3,-14,0,0,0,0,0,0,0,0,0,0,0,0,0,0,6,0,0,0,18,0,0,0,24,13,27,0,8,5,22,18,20,0,7,0,20,0,14,0,7,0]} 1. e4 c5 2. Nf3 Nc6 3. Bb5 g6 4. O-O Bg7 5. Nc3 d6 6. Re1 Bd7 {B31: Sicilian: 2...Nc6 3 Bb5 g6} 7. Bxc6 (7. a4 Nf6 8. d3 O-O 9. Bg5 h6 10. Bh4 g5 11. Bg3 Nh5 12. Ne5 Nxe5 13. Bxe5 Bxe5 14. Qxh5 Kh7 15. Nd1 e6 16. c3 Bxb5 17. axb5 {1-0 (44) Nepomniachtchi,I (2757)-Gelfand,B (2703) Jerusalem 2018}) 7... Bxc6 8. e5 dxe5 9. Nxe5 Qc7 10. Nxc6 $146 ({Predecessor:} 10. Qe2 Bxe5 11. Qxe5 Qxe5 12. Rxe5 b6 13. d3 f6 14. Re2 {1-0 (25) Simoncic,L (2151)-Meller,E (1934) ICCF email 2014}) 10... Qxc6 11. Qe2 e6 12. d3 Nf6 13. Bf4 Nd5 14. Be5 f6 15. Bg3 Nxc3 16. bxc3 Kf7 17. Rab1 {[#] aiming for Rxb7+!} b6 18. h4 (18. Rb5 {seems wilder.} Rhe8 19. a4 e5 20. Reb1 c4 21. a5) 18... Rhe8 19. Qe4 Qxe4 20. dxe4 e5 21. Red1 Red8 22. Kf1 f5 23. f3 f4 24. Bf2 Bf6 25. Ke2 Rxd1 26. Rxd1 $11 {[%mdl 4096] Endgame KRB-KRB} Rd8 27. Rb1 Ke6 28. c4 Kd6 29. a4 Kc6 30. Ra1 Be7 31. Rb1 Kb7 32. Ra1 Ka6 33. Rb1 Kb7 34. Ra1 Rg8 35. Rd1 {[#] Strongly threatening Rd7+.} Kc6 36. Rh1 h6 {The position is equal.} 37. Ra1 Kb7 38. Rd1 {Rd7+ is the strong threat.} Kc6 39. Ra1 Ra8 40. Rd1 Rd8 41. Ra1 Kb7 42. Rb1 Ka6 43. Ra1 {Accuracy: White = 36%, Black = 51%.} 1/2-1/2

[Event "14th Poti Open-A 2019"]
[Site "Poti"]
[Date "2019.07.19"]
[Round "8.12"]
[White "Nikoladze, Sopio"]
[Black "Lomsadze, Davit"]
[Result "0-1"]
[WhiteElo "2124"]
[BlackElo "2292"]
[Annotator "TA"]
[PlyCount "128"]
[EventDate "2019.07.13"]
[EventType "swiss"]
[EventCountry "GEO"]
[SourceTitle "playchess.com"]
[Source "ChessBase"]
[SourceQuality "1"]

{[%evp 11,128,15,17,2,45,28,56,49,38,45,53,54,48,43,61,22,23,13,36,0,0,0,0,-27,-15,-29,-25,-59,-43,-91,-45,-62,-29,-71,-63,-85,-54,-99,-85,-112,-116,-107,-114,-114,-116,-114,-2,-2,0,0,0,0,0,-25,-14,-31,-28,-31,-31,-35,-38,-32,-47,-68,-76,-124,-68,-68,-68,-80,-79,-80,-42,-58,0,0,0,0,0,0,0,0,0,0,0,0,0,0,0,0,0,0,0,0,0,-8,0,0,0,0,0,0,0,0,-7,-8,0,0,0,-104,-8,-427,-435,-29981,-29982,-29979,-29979,-29997,-29990]} 1. c4 Nf6 2. Nc3 g6 3. g3 Bg7 4. Bg2 O-O 5. e3 d6 6. Nge2 Nbd7 7. Rb1 {A16: English Opening: 1...Nf6 with ...d5} (7. O-O a6 8. b3 Rb8 9. a4 Re8 10. Bb2 e5 11. Qc2 a5 12. d4 exd4 13. exd4 Nf8 14. Rfe1 Bf5 {1-0 (34) Pruijssers,R (2536)-Shyam,N (2397) New Delhi 2018}) 7... Ne5 8. d3 $1 Rb8 $146 ({Predecessor:} 8... Bf5 9. Nf4 g5 10. e4 Bg4 11. f3 gxf4 12. gxf4 Bh5 13. fxe5 dxe5 14. Be3 e6 {0-1 (73) Wiebe,P (2189)-Mueer,S (2201) Verden 2013}) 9. f4 {White is slightly better.} Ned7 10. b4 {[%cal Bb2b4,Bb4b5][%mdl 32]} c6 11. O-O e5 12. b5 exf4 13. gxf4 Re8 14. h3 (14. e4 {is more complex.} Nh5 15. Be3 c5 16. Qd2 Ndf6 17. h3) 14... d5 15. bxc6 (15. e4 {is interesting.} Nb6 16. c5 d4 17. cxb6 dxc3 18. bxa7 Qb6+ 19. Rf2) 15... bxc6 {[%cal Bb7c6,Bc6d5][%mdl 32]} 16. Rxb8 Nxb8 17. cxd5 Nxd5 18. Nxd5 cxd5 19. Ng3 Nd7 20. Qb3 Qh4 21. Rf3 Nf6 22. Nf1 Be6 23. Qa3 Rc8 24. Bd2 Bf5 25. Qa5 Bxd3 26. Be1 Qh6 27. Qxa7 Be4 28. Rf2 Bf5 (28... Qh5 $17 {Black wants to play ...Qd1.} 29. Qb7 Re8) 29. Rb2 $1 $11 Bxh3 30. Rb8 Rxb8 31. Qxb8+ Bf8 32. Bb4 {Black must now prevent Bxh3.} Nd7 $36 {[%mdl 2048] Black has the initiative.} 33. Qd8 Bxg2 34. Kxg2 {Strongly threatening a3.} Qh5 35. Ng3 $1 {[%cal Rg3h5]} Qd1 36. a3 Qc2+ 37. Kf3 Qc6 $1 38. Kf2 {[#]} Kg7 (38... Nc5 $1 $17 39. Bxc5 Qxc5) 39. Bxf8+ $1 $15 Nxf8 40. Ne2 Ne6 41. Qb8 Qc4 42. Qe5+ Kf8 (42... Kg8 $15) 43. Qb8+ $11 Ke7 44. Qb7+ Ke8 45. Qb8+ Kd7 46. Qb7+ Nc7 47. Nd4 Qa4 48. Nf3 Qc2+ 49. Kg3 {Ne5+ is the strong threat.} Qc5 50. Kf2 Qc2+ 51. Kg3 {Threatens to win with Ne5+.} Qc3 52. Kf2 Ke7 53. Qc8 Qc2+ 54. Kg3 {aiming for Ne5.} Qc5 55. a4 Ne6 56. Qb7+ Kf8 57. Qb8+ Kg7 58. Qb2+ f6 59. Qb7+ Kh6 60. Qb3 {[#]} (60. Qf7 $11 {remains equal.} Ng7 61. Nd4) 60... Qc4 ({Black should try} 60... Qc1 $1 $17 {And now ...Nc5 would win.} 61. Kf2 Nc5 62. Qxd5 Nxa4) 61. Nd2 $2 {[%mdl 8192]} (61. Qa3 $1 $11) 61... Qe2 $19 62. Qc3 (62. Qxd5 $19 Qxe3+ 63. Nf3) 62... Ng7 {Black mates.} 63. Kh3 Nf5 64. Nb3 Qf2 {Accuracy: White = 49%, Black = 50%.} 0-1

[Event "14th Poti Open-A 2019"]
[Site "Poti"]
[Date "2019.07.19"]
[Round "8.13"]
[White "Mustafayev, Farid"]
[Black "Chaqryan, Erik"]
[Result "0-1"]
[WhiteElo "2289"]
[BlackElo "2027"]
[Annotator "TA"]
[PlyCount "74"]
[EventDate "2019.07.13"]
[EventType "swiss"]
[EventCountry "GEO"]
[SourceTitle "playchess.com"]
[Source "ChessBase"]
[SourceQuality "1"]

{[%evp 9,74,26,34,-15,8,8,23,27,31,32,23,18,25,18,14,7,28,5,35,22,25,23,36,0,31,15,26,-27,4,-14,0,-109,-74,-94,-60,-491,-425,-471,-433,-780,-736,-727,-696,-1078,-1083,-1096,-1046,-900,-352,-590,-587,-587,-572,-552,-549,-549,-533,-660,-580,-564,-429,-447,-433,-430,-427,-570,-476]} 1. d4 Nf6 2. Nf3 g6 3. Nbd2 d5 4. e3 Bg7 5. b4 O-O 6. Bd3 {D02: 1 d4 d5 2 Nf3 sidelines, including 2...Nf6 3 g3 and 2...Nf6 3 Bf4} (6. Bb2 c6 7. c4 Nbd7 8. a4 Ne4 9. cxd5 Nxd2 10. Qxd2 cxd5 11. Bd3 Nf6 12. O-O Ne4 13. Qe2 Nd6 14. Rfc1 Bf5 15. Bxf5 gxf5 {1-0 (47) Sargissian,G (2689)-Kovalev,V (2683) St Petersburg 2018}) 6... c6 7. a4 $146 ({Predecessor:} 7. O-O Qd6 8. a3 Nbd7 9. Bb2 Nh5 10. c4 e6 11. e4 dxe4 12. Nxe4 Qc7 13. Rc1 Rd8 {1-0 (26) Do,A (1909)-Nguyen,D (1906) Bac Giang 2018}) 7... Bf5 8. Bxf5 {White has an edge.} gxf5 9. O-O Nbd7 {[%cal Bb8d7,Bd7f6,Bf6g4][%mdl 32]} 10. c4 e6 11. Qb3 Ne4 12. Bb2 Ndf6 13. Qd3 Kh8 14. c5 Ng4 15. h3 Nh6 16. b5 Rg8 (16... Nxc5 $5 17. dxc5 Bxb2 $11) 17. Rfc1 Bf6 18. a5 ({White should play} 18. Rc2) 18... a6 (18... Bh4 $5 {[%cal Rh4f2]} 19. Rf1 (19. Nxh4 $2 Qxh4 20. Nxe4 fxe4 $17) 19... cxb5 $11) 19. bxc6 bxc6 {Black wants to play ...Bh4.} 20. Ne1 {[#]} (20. Rc2 $11) 20... Bh4 $1 $17 {[%cal Rh4f2]} 21. Nxe4 fxe4 22. Qc3 $2 {[%mdl 8192]} (22. Qf1 $1 $15) 22... Qf6 23. Rc2 Rg6 24. Ba3 (24. Qd2 $142 Qf5 25. Kh2) 24... Rag8 $19 {Hoping for ...Rxg2+.} 25. Kf1 Nf5 26. g4 {[#]} h5 $1 {[%mdl 512]} 27. gxf5 (27. gxh5 Ng3+) 27... Qxf5 {( -> ...Rg1+)} 28. Ke2 Qxf2+ 29. Kd1 Qxe1+ {Black is clearly winning.} 30. Qxe1 Bxe1 31. Re2 Rg1 32. Kc2 Bh4 33. Rb1 Rxb1 34. Kxb1 Rb8+ 35. Kc2 Rb5 36. Kc3 Rxa5 37. Bb4 Rb5 {Accuracy: White = 31%, Black = 41%.} 0-1

[Event "14th Poti Open-A 2019"]
[Site "Poti"]
[Date "2019.07.19"]
[Round "8.14"]
[White "Melkonyan, Vardan"]
[Black "Buniatyan, David"]
[Result "1/2-1/2"]
[WhiteElo "2232"]
[BlackElo "2014"]
[Annotator "RC"]
[PlyCount "101"]
[EventDate "2019.07.13"]
[EventType "swiss"]
[EventCountry "GEO"]
[SourceTitle "playchess.com"]
[Source "ChessBase"]
[SourceQuality "1"]
[TimeControl "40/5400+30:1800+30"]

1. d4 {[%emt 0:00:00]} Nf6 {[%emt 0:00:37]} 2. Bg5 {[%emt 0:00:00]} Ne4 {[%emt 0:02:16]} 3. Bf4 {[%emt 0:00:00]} d5 {[%emt 0:00:58]} 4. Nd2 {[%emt 0:01:55]} Bf5 {[%emt 0:03:04]} 5. Ngf3 {[%emt 0:04:11]} e6 {[%emt 0:05:56]} 6. Nxe4 {[%emt 0:02:07]} Bxe4 {[%emt 0:08:49]} 7. e3 {[%emt 0:00:45]} Bd6 {[%emt 0:02:22]} 8. Bg3 {[%emt 0:00:40]} c5 {[%emt 0:01:06]} 9. c3 {[%emt 0:00:47]} Nc6 {[%emt 0:07:49]} 10. Qb3 {[%emt 0:02:57]} O-O {[%emt 0:12:42]} 11. Qxb7 {[%emt 0:02:02]} Na5 {[%emt 0:02:11]} 12. Qa6 {[%emt 0:00:50]} Bxg3 {[%emt 0:00:28]} 13. hxg3 {[%emt 0:00:05]} Rb8 {[%emt 0:01:48]} 14. b3 {[%emt 0:04:00]} Qc7 {[%emt 0:07:18]} 15. Rc1 {[%emt 0:02:54]} cxd4 {[%emt 0:03:28]} 16. Nxd4 {[%emt 0:04:27]} Nb7 {[%emt 0:01:51]} 17. b4 {[%emt 0:05:40]} Nd6 {[%emt 0:01:30]} 18. f3 {[%emt 0:08:52]} Nf5 {[%emt 0:07:30]} 19. Nxf5 {[%emt 0:03:19]} Bxf5 {[%emt 0:00:02]} 20. g4 {[%emt 0:00:19]} Bg6 {[%emt 0:06:11]} 21. Kf2 {[%emt 0:10:25]} Rxb4 {[%emt 0:00:48]} 22. cxb4 {[%emt 0:00:06]} Qxc1 {[%emt 0:00:09]} 23. Qxa7 {[%emt 0:00:16]} h6 {[%emt 0:08:08]} 24. b5 {[%emt 0:08:59]} Rc8 {[%emt 0:00:50]} 25. Kg3 {[%emt 0:01:42]} Qe1+ {[%emt 0:03:51]} 26. Kh3 {[%emt 0:00:01]} Bd3 {[%emt 0:03:19]} 27. Qd7 {[%emt 0:02:55]} Rf8 {[%emt 0:00:17]} 28. b6 {[%emt 0:06:30]} g5 {[%emt 0:01:01]} 29. Kh2 {[%emt 0:00:45]} Bxf1 {[%emt 0:00:06]} 30. Qc7 {[%emt 0:06:55]} Qf2 {[%emt 0:01:22]} 31. Rxf1 {[%emt 0:01:40]} Qxf1 {[%emt 0:00:02]} 32. b7 {[%emt 0:00:05]} Qb5 {[%emt 0:01:32]} 33. a4 {[%emt 0:00:17]} Qxa4 {[%emt 0:01:06]} 34. b8=Q {[%emt 0:00:32]} Rxb8 {[%emt 0:00:20]} 35. Qxb8+ {[%emt 0:00:06]} Kg7 {[%emt 0:00:14]} 36. Qe5+ {[%emt 0:00:15]} Kh7 {[%emt 0:00:50]} 37. Qf6 {[%emt 0:02:36]} Qe8 {[%emt 0:00:32]} 38. Kg1 {[%emt 0:00:33]} Qg8 {[%emt 0:00:21]} 39. Qc3 {[%emt 0:02:33]} Qg7 {[%emt 0:00:28]} 40. Qc2+ {[%emt 0:00:00]} Qg6 {[%emt 0:00:00]} 41. Qc3 {[%emt 0:00:35]} Qb1+ {[%emt 0:02:28]} 42. Kh2 {[%emt 0:01:02]} Qb8+ {[%emt 0:02:16]} 43. Kg1 {[%emt 0:00:32]} Qg3 {[%emt 0:01:07]} 44. Kf1 {[%emt 0:00:11]} Qh2 {[%emt 0:01:07]} 45. Qc2+ {[%emt 0:02:45]} Kg7 {[%emt 0:00:41]} 46. Qc3+ {[%emt 0:00:06]} f6 {[%emt 0:00:11]} 47. Qc6 {[%emt 0:00:36]} Qe5 {[%emt 0:07:39]} 48. Qd7+ {[%emt 0:00:21]} Kf8 {[%emt 0:00:22]} 49. Qd8+ {[%emt 0:00:06]} Kf7 {[%emt 0:00:22]} 50. Qd7+ {[%emt 0:00:03]} Kf8 {[%emt 0:00:06]} 51. Qd8+ {[%emt 0:00:04]} 1/2-1/2

[Event "14th Poti Open-A 2019"]
[Site "Poti"]
[Date "2019.07.19"]
[Round "8.15"]
[White "Matevosyan, Sedrak"]
[Black "Yeremyan, Alen"]
[Result "1-0"]
[WhiteElo "2185"]
[BlackElo "2148"]
[Annotator "TA"]
[PlyCount "67"]
[EventDate "2019.07.13"]
[EventType "swiss"]
[EventCountry "GEO"]
[SourceTitle "playchess.com"]
[Source "ChessBase"]
[SourceQuality "1"]

{[%evp 18,67,48,47,52,36,55,69,57,37,95,0,68,39,53,58,102,63,60,66,97,99,112,90,162,123,181,127,128,120,125,109,112,97,190,201,175,145,139,152,167,80,171,129,236,244,244,254,569,582,518,494]} 1. Nf3 Nf6 2. c4 g6 3. d4 Bg7 4. Nc3 O-O 5. e4 d6 6. Be2 e5 7. O-O Nc6 8. d5 Ne7 9. b4 a5 10. bxa5 Nd7 {E97: King's Indian: Classical Main Line (6...e5 7 0-0 Nc6): 8 Be3 and 8 d5 Ne7, not 9 Ne1} (10... Rxa5 11. a4 Nh5 12. Re1 f5 13. Ng5 Nf4 14. Bf1 h6 15. Nf3 g5 16. Nd2 c5 17. Nb5 Ra6 18. Ra3 Nfg6 19. exf5 Nxf5 {0-1 (49) Werle,J (2541)-Jones,G (2691) Caleta 2019}) 11. a4 {[%cal Ba2a4,Ba4a5][%mdl 32]} Nc5 12. Ba3 Rxa5 {White is slightly better.} 13. Nd2 Ra8 (13... b6 $1 $14) 14. Bb4 (14. Bxc5 $1 $16 {Hoping for Be3.} dxc5 15. Nb3) 14... Bd7 (14... Na6 $11 15. Ba3 f5) 15. a5 (15. Bxc5 $5 dxc5 16. Nb3 $14) 15... Na6 16. Ba3 f5 17. Nb3 fxe4 $146 ({Predecessor:} 17... Nc8 18. c5 Nxc5 19. Nxc5 dxc5 20. Bxc5 Nd6 21. Qb3 Rf7 22. Bxd6 cxd6 {½-½ (38) David,A (2340)-Ionescu,D (2357) Mamaia 2015}) 18. Nxe4 Nf5 19. c5 Qh4 20. Qd3 Rad8 (20... dxc5 $16 21. Bxc5 Rf7) 21. Rac1 $18 ({Don't take} 21. cxd6 $6 Nxd6 22. f3 (22. Bxd6 cxd6 23. Nxd6 Qb4 $11) 22... Bb5 $14) 21... Bc8 (21... Be8 $16 {is a better defense.} 22. c6 bxc6) 22. cxd6 (22. g3 $18 Qh3 23. Ng5) 22... Nxd6 $16 23. Nxd6 cxd6 24. Rc4 Qe7 25. Nd2 Nc7 (25... Bf5 $16 {was called for.} 26. Qb3 Kh8) 26. Rfc1 $18 Na6 27. Ne4 Bf5 28. Qe3 Rf7 29. f3 (29. Ng5 $18 Rff8 30. h4) 29... Qf8 (29... Bxe4 $16 {keeps fighting.} 30. fxe4 Qf8) 30. Qb6 $36 {[%cal Re4d6][%mdl 2048] Keeping Black busy.} Rfd7 (30... Bxe4 $16 31. Rxe4 (31. fxe4 Bh6 $16) 31... Bh6) 31. R4c3 Bh6 32. Rf1 Nb8 $2 {[#]} (32... Qe7 {is tougher.} 33. g3 Bf8) 33. Bb5 Rf7 34. Bxd6 {Accuracy: White = 48%, Black = 16%.} 1-0

[Event "14th Poti Open-A 2019"]
[Site "Poti"]
[Date "2019.07.19"]
[Round "8.16"]
[White "Tsotsonava, Elene"]
[Black "Manukyan, Sargis V."]
[Result "1/2-1/2"]
[WhiteElo "1878"]
[BlackElo "2282"]
[Annotator "TA"]
[PlyCount "68"]
[EventDate "2019.07.13"]
[EventType "swiss"]
[EventCountry "GEO"]
[SourceTitle "playchess.com"]
[Source "ChessBase"]
[SourceQuality "1"]

{[%evp 12,68,26,0,9,0,0,0,8,-18,-27,-23,0,-39,-9,-14,-9,-21,6,-45,-41,-45,-38,-56,-55,-57,-55,-148,39,-259,-268,-271,-257,-258,-268,-266,-257,-233,-193,-191,0,0,0,0,51,74,100,74,190,161,154,138,137,0,136,0,0,0,0]} 1. e4 c5 2. Nf3 Nc6 3. d4 cxd4 4. Nxd4 e5 5. Nb5 d6 6. c4 Be7 7. Be2 f5 {B32: Sicilian: Löwenthal and Kalashnikov Variations} 8. N1c3 a6 9. Na3 Nf6 10. O-O fxe4 11. Bg5 $146 ({Predecessor:} 11. Nc2 O-O 12. Bg5 Be6 13. Qd2 Rc8 14. Rad1 Na5 15. Ne3 {0-1 (31) Jojic,O (2235)-Sveshnikov,E (2510) Torcy 1991}) 11... Bf5 12. Nc2 (12. Bxf6 $5 gxf6 13. Bh5+ Kf8 14. Re1 $11) 12... Bg6 13. h4 O-O $36 {[%mdl 2048] Black has some pressure.} 14. h5 Be8 15. Bxf6 (15. h6 $11) 15... gxf6 $15 16. Nxe4 f5 17. Nc3 Kh8 18. Qd3 e4 19. Qd5 (19. Qh3 $15) 19... Bf6 $2 (19... Bg5 $1 $17 20. Ne3 Qf6) 20. Rad1 $2 {[%mdl 8192]} (20. Qxf5 $14 {is the one way to stay ahead.} Bd7 21. Qd5 (21. Qxe4 $2 Bxc3 22. bxc3 Bf5 $19)) 20... Be5 $1 $19 {And now ...Bf7 would win.} 21. f4 exf3 $1 22. Qxf3 Qb6+ 23. Ne3 Qxb2 24. Ned5 Nd4 25. Qe3 {[#]} Nxe2+ $2 (25... f4 $1 $19 {[%cal Rf4e3][%mdl 512]} 26. Rd2 (26. Nxf4 Nf5) 26... Qa3) 26. Nxe2 $11 {Rd2 is the strong threat.} Qxa2 27. Nb6 $1 {Hoping for Rd2.} Bxh5 ({Black should try} 27... Bc6 $11 28. Rd2 (28. Nxa8 Rg8 $15) 28... Qa5 29. Nxa8 Rxa8) 28. Rd2 $14 Qa5 {[#]} 29. Rd5 $1 {[%cal Rd5a5]} Qb4 (29... Qa2 $16 {was worth a try.} 30. Rxe5 dxe5 31. Qxe5+ {[%mdl 64] Double Attack} Kg8) 30. Nxa8 $18 Rxa8 31. Rxe5 dxe5 32. Qxe5+ Kg8 {[#]} 33. Qxf5 (33. Nf4 $1 $16 {[%cal Rf4h5]} Re8 34. Qxf5) 33... Bg6 $11 34. Qd5+ Kg7 {Accuracy: White = 47%, Black = 53%.} 1/2-1/2